Govt. of
Madhya Pradesh

Dialogue on Terrorism (Record no. 14420)

MARC details
000 -LEADER
fixed length control field 005230000a22001930004500
001 - CONTROL NUMBER
control field 002509
003 - CONTROL NUMBER IDENTIFIER
control field MACL
005 - DATE AND TIME OF LATEST TRANSACTION
control field 20150705123945.0
008 - FIXED-LENGTH DATA ELEMENTS--GENERAL INFORMATION
fixed length control field 150705b xxu||||| |||| 00| 0 eng d
040 ## - CATALOGING SOURCE
Original cataloging agency MACL
Transcribing agency MACL
041 ## - LANGUAGE CODE
Language code of text/sound track or separate title English
082 ## - DEWEY DECIMAL CLASSIFICATION NUMBER
Classification number 303.62/GOS
100 ## - MAIN ENTRY--PERSONAL NAME
Personal name Goswami, Arjun
9 (RLIN) 761
245 ## - TITLE STATEMENT
Title Dialogue on Terrorism
Remainder of title Netaji Subhash Chandra And The Swarajist In Perspective
Statement of responsibility, etc. Arjun Goswami
260 ## - PUBLICATION, DISTRIBUTION, ETC. (IMPRINT)
Place of publication, distribution, etc. Kolkata
Date of publication, distribution, etc. 2007
Name of publisher, distributor, etc. Rachayita,
350 ## - PRICE (NR) (BK AM CF MU VM SE) [OBSOLETE]
Price 200
650 ## - SUBJECT ADDED ENTRY--TOPICAL TERM
Topical term or geographic name as entry element Social Science
9 (RLIN) 29
942 ## - ADDED ENTRY ELEMENTS (KOHA)
Call number prefix 304
Koha item type Books
Source of classification or shelving scheme
Holdings
Withdrawn status Lost status Source of classification or shelving scheme Damaged status Not for loan Home library Current library Date acquired Cost, normal purchase price Total Checkouts Full call number Barcode Date last seen Uniform Resource Identifier Price effective from Koha item type
          MACL MACL 15/04/2015 200.00   303.62/GOS CRE020988 02/05/2024 14304 15/04/2015 Books